000 00441nam a2200169 4500
005 20260109133544.0
008 260109b |||||||| |||| 00| 0 eng d
020 _a978-93-7089-190-6
041 _aEnglish
082 _aX 823 UMA
_bB12150
100 _aUmakanthan,Saranya
_9216271
245 _aOne Life To Live
260 _aNew Delhi
_bFingerprint publishing
_c2025
300 _a224p.
_bpb
365 _aRupaye
_b149
_cINR
942 _cBK
999 _c369817
_d369817